[Event "GER-chT U10"]
[Site "Magdeburg"]
[Date "2014.12.28"]
[Round "3.3"]
[White "Reichardt, Henrik"]
[Black "Hetzner, Michael"]
[Result "0-1"]
[WhiteElo "1065"]
[BlackElo "905"]
[PlyCount "124"]
[EventDate "2014.12.27"]
[EventType "team-swiss"]
[EventRounds "7"]
[EventCountry "GER"]
[SourceTitle "EXT 2016"]
[Source "ChessBase"]
[SourceDate "2015.10.08"]
[SourceVersion "1"]
[SourceVersionDate "2015.10.08"]
[SourceQuality "1"]
[WhiteTeam "Lambsheim"]
[BlackTeam "Erlangen"]
[WhiteTeamCountry "GER"]
[BlackTeamCountry "GER"]

1. e4 e6 2. d4 d5 3. exd5 exd5 4. Nc3 Nf6 5. Bf4 Bb4 6. Nge2 Bf5 7. a3 Ba5 8. Bd2 0-0 9. Nf4 Nc6 10. Nb5 Bxd2+ 11. Qxd2 a6 12. Nc3 Re8+ 13. Be2 Qd6 14. 0-0-0 Re7 15. Rde1 Rae8 16. Kb1 Ne4 17. Nxe4 Rxe4 18. Bd3 Rxe1+ 19. Rxe1 Rxe1+ 20. Qxe1 Be6 21. Qe3 g6 22. g3 Ne7 23. Qe5 Qxe5 24. dxe5 c5 25. Be2 Kg7 26. Nxe6+ fxe6 27. f4 h6 28. g4 b5 29. b3 g5 30. fxg5 hxg5 31. c3 Ng6 32. h3 Nxe5 33. Kc2 Kf6 34. b4 cxb4 35. axb4 Ng6 36. Kd2 Ke5 37. Ke3 Nf4 38. Bf1 Kf6 39. Kf3 e5 40. Ke3 Ke6 41. Kf3 e4+ 42. Ke3 Ke5 43. h4 gxh4 44. g5 h3 45. Bxh3 Nxh3 46. Ke2 Nxg5 47. Ke3 Ne6 48. Ke2 d4 49. cxd4+ Nxd4+ 50. Ke3 Nc2+ 51. Ke2 Nxb4 52. Ke3 a5 53. Ke2 a4 54. Ke3 a3 55. Ke2 a2 56. Ke3 a1Q 57. Kf2 Qa3 58. Ke2 Kf4 59. Kd2 e3+ 60. Ke2 Qa2+ 61. Ke1 Nd3+ 62. Kd1 e2# 0-1